|
|
|
|
| LEADER |
00000nam0a2200000 4500 |
| 001 |
368035 |
| 005 |
20231102012037.0 |
| 035 |
|
|
|a (RuTPU)RU\TPU\retro\25398
|
| 035 |
|
|
|a RU\TPU\retro\25390
|
| 090 |
|
|
|a 368035
|
| 100 |
|
|
|a 20220329d1963 k y0rusy50 ca
|
| 101 |
0 |
|
|a rus
|
| 102 |
|
|
|a RU
|
| 105 |
|
|
|a a z 001zy
|
| 200 |
1 |
|
|a Некоторые общие закономерности в строении и развитии структуры земной коры
|f Н. П. Херасков
|g Академия наук СССР (АН СССР), Геологический институт (ГИН)
|
| 210 |
|
|
|a Москва
|c Изд-во Академии наук СССР
|d 1963
|
| 215 |
|
|
|a 120 с.
|c ил.
|e 1 вкл.
|
| 225 |
1 |
|
|a Труды геологического института (ГИН)
|v Вып. 91
|
| 320 |
|
|
|a Библиогр.: с. 109-117.
|
| 513 |
1 |
|
|a Certain general lows in the structure and development of the structure of the Earth's crust
|z eng
|
| 606 |
1 |
|
|a Земная кора
|x Развитие
|2 stltpush
|3 (RuTPU)RU\TPU\subj\11786
|9 38684
|
| 610 |
1 |
|
|a строение
|
| 610 |
1 |
|
|a закономерности
|
| 610 |
1 |
|
|a континенты
|
| 610 |
1 |
|
|a тектоническое районирование
|
| 610 |
1 |
|
|a складчатость
|
| 610 |
1 |
|
|a возраст
|
| 610 |
1 |
|
|a формации
|
| 610 |
1 |
|
|a океаны
|
| 610 |
1 |
|
|a карты
|
| 675 |
|
|
|a 551.1
|v 3
|
| 700 |
|
1 |
|a Херасков
|b Н. П.
|g Николай Павлович
|
| 712 |
0 |
2 |
|a Академия наук СССР (АН СССР)
|b Геологический институт (ГИН)
|c (Москва)
|2 stltpush
|3 (RuTPU)RU\TPU\col\11354
|
| 801 |
|
1 |
|a RU
|b 63413507
|c 20150211
|
| 801 |
|
2 |
|a RU
|b 63413507
|c 20220329
|g RCR
|
| 942 |
|
|
|c BK
|